<?xml version="1.0" encoding="UTF-8"?>
<record
    xmlns:xsi="http://www.w3.org/2001/XMLSchema-instance"
    xsi:schemaLocation="http://www.loc.gov/MARC21/slim http://www.loc.gov/standards/marcxml/schema/MARC21slim.xsd"
    xmlns="http://www.loc.gov/MARC21/slim">

  <leader>01182nam a22003135a 4500</leader>
  <controlfield tag="003">OSt</controlfield>
  <controlfield tag="005">20201124141955.0</controlfield>
  <controlfield tag="008">170517s2002    su     gr    0001 0 ara d</controlfield>
  <datafield tag="015" ind1=" " ind2=" ">
    <subfield code="a">22 / 3873</subfield>
  </datafield>
  <datafield tag="020" ind1=" " ind2=" ">
    <subfield code="a">9960400743</subfield>
  </datafield>
  <datafield tag="040" ind1=" " ind2=" ">
    <subfield code="a">EG-ScBUE</subfield>
    <subfield code="b">ara</subfield>
    <subfield code="c">EG-ScBUE</subfield>
    <subfield code="d">EG-ScBUE</subfield>
  </datafield>
  <datafield tag="041" ind1="1" ind2=" ">
    <subfield code="a">ara</subfield>
    <subfield code="h">eng</subfield>
  </datafield>
  <datafield tag="082" ind1="0" ind2="4">
    <subfield code="a">303.482</subfield>
    <subfield code="b">&#x647;&#x640; &#x627; &#x631;</subfield>
    <subfield code="2">22</subfield>
  </datafield>
  <datafield tag="100" ind1="1" ind2=" ">
    <subfield code="a">&#x647;&#x627;&#x631;&#x62F;&#x62A;&#x60C; &#x645;&#x627;&#x64A;&#x643;&#x644;.</subfield>
  </datafield>
  <datafield tag="240" ind1="1" ind2="0">
    <subfield code="a">Empire.</subfield>
    <subfield code="l">Arabic.</subfield>
  </datafield>
  <datafield tag="245" ind1="1" ind2="2">
    <subfield code="a">&#x627;&#x644;&#x625;&#x645;&#x628;&#x631;&#x627;&#x637;&#x648;&#x631;&#x64A;&#x629; :</subfield>
    <subfield code="b">&#x625;&#x645;&#x628;&#x631;&#x627;&#x637;&#x648;&#x631;&#x64A;&#x629; &#x627;&#x644;&#x639;&#x648;&#x644;&#x645;&#x629; &#x627;&#x644;&#x62C;&#x62F;&#x64A;&#x62F;&#x629; /</subfield>
    <subfield code="c">&#x62A;&#x623;&#x644;&#x64A;&#x641; &#x645;&#x627;&#x64A;&#x643;&#x644; &#x647;&#x627;&#x631;&#x62F;&#x62A;&#x60C; &#x623;&#x646;&#x637;&#x648;&#x646;&#x64A;&#x648; &#x646;&#x64A;&#x63A;&#x631;&#x64A; &#x61B; &#x62A;&#x639;&#x631;&#x64A;&#x628; &#x641;&#x627;&#x636;&#x644; &#x62C;&#x62A;&#x643;&#x631; &#x61B; &#x631;&#x627;&#x62C;&#x639; &#x627;&#x644;&#x646;&#x635; &#x631;&#x636;&#x648;&#x627;&#x646; &#x627;&#x644;&#x633;&#x64A;&#x62F;.</subfield>
  </datafield>
  <datafield tag="250" ind1=" " ind2=" ">
    <subfield code="a">&#x637;. 1.</subfield>
  </datafield>
  <datafield tag="260" ind1=" " ind2=" ">
    <subfield code="a">&#x627;&#x644;&#x631;&#x64A;&#x627;&#x636; :</subfield>
    <subfield code="b">&#x627;&#x644;&#x639;&#x628;&#x64A;&#x643;&#x627;&#x646; &#x644;&#x644;&#x646;&#x634;&#x631;&#x60C;</subfield>
    <subfield code="c">2002.</subfield>
  </datafield>
  <datafield tag="300" ind1=" " ind2=" ">
    <subfield code="a">592 &#x635;. &#x61B;</subfield>
    <subfield code="c">24 &#x633;&#x645;.</subfield>
  </datafield>
  <datafield tag="500" ind1=" " ind2=" ">
    <subfield code="a">&#x64A;&#x634;&#x62A;&#x645;&#x644; &#x639;&#x644;&#x649; &#x643;&#x634;&#x627;&#x641;.</subfield>
  </datafield>
  <datafield tag="546" ind1=" " ind2=" ">
    <subfield code="a">&#x627;&#x644;&#x646;&#x635; &#x628;&#x627;&#x644;&#x644;&#x63A;&#x629; &#x627;&#x644;&#x639;&#x631;&#x628;&#x64A;&#x629; &#x61B; &#x645;&#x62A;&#x631;&#x62C;&#x645; &#x645;&#x646; &#x627;&#x644;&#x644;&#x63A;&#x629; &#x627;&#x644;&#x625;&#x646;&#x62C;&#x644;&#x64A;&#x632;&#x64A;&#x629;.</subfield>
  </datafield>
  <datafield tag="650" ind1=" " ind2="7">
    <subfield code="2">BUEsh</subfield>
    <subfield code="a">&#x627;&#x644;&#x639;&#x648;&#x644;&#x645;&#x629;.</subfield>
    <subfield code="9">8057</subfield>
  </datafield>
  <datafield tag="650" ind1=" " ind2="7">
    <subfield code="a">&#x627;&#x644;&#x633;&#x64A;&#x627;&#x633;&#x629; &#x627;&#x644;&#x62F;&#x648;&#x644;&#x64A;&#x629;.</subfield>
    <subfield code="9">17594</subfield>
    <subfield code="2">BUEsh</subfield>
  </datafield>
  <datafield tag="651" ind1=" " ind2=" ">
    <subfield code="2">BUEsh</subfield>
  </datafield>
  <datafield tag="653" ind1=" " ind2=" ">
    <subfield code="b">GGEN</subfield>
    <subfield code="c">May2017</subfield>
  </datafield>
  <datafield tag="700" ind1="1" ind2=" ">
    <subfield code="a">&#x646;&#x64A;&#x63A;&#x631;&#x64A;&#x60C; &#x623;&#x646;&#x637;&#x648;&#x646;&#x64A;&#x648;.</subfield>
  </datafield>
  <datafield tag="700" ind1="1" ind2=" ">
    <subfield code="a">&#x62C;&#x62A;&#x643;&#x631;&#x60C; &#x641;&#x627;&#x636;&#x644;&#x60C;</subfield>
    <subfield code="e">&#x645;&#x62A;&#x631;&#x62C;&#x645;.</subfield>
  </datafield>
  <datafield tag="942" ind1=" " ind2=" ">
    <subfield code="2">ddc</subfield>
  </datafield>
  <datafield tag="999" ind1=" " ind2=" ">
    <subfield code="c">24853</subfield>
    <subfield code="d">24825</subfield>
  </datafield>
  <datafield tag="952" ind1=" " ind2=" ">
    <subfield code="0">0</subfield>
    <subfield code="1">0</subfield>
    <subfield code="2">ddc</subfield>
    <subfield code="4">0</subfield>
    <subfield code="7">0</subfield>
    <subfield code="8">&#x627;&#x644;&#x639;&#x628;&#x64A;&#x643;&#x627;&#x646;</subfield>
    <subfield code="a">MAIN</subfield>
    <subfield code="b">MAIN</subfield>
    <subfield code="c">1ST</subfield>
    <subfield code="d">2017-05-22</subfield>
    <subfield code="e">Purchase</subfield>
    <subfield code="g">158.00</subfield>
    <subfield code="h">175534</subfield>
    <subfield code="o">303.482 &#x647;&#x640; &#x627; &#x631;</subfield>
    <subfield code="p">000041866</subfield>
    <subfield code="r">2025-07-15 00:00:00</subfield>
    <subfield code="v">198.00</subfield>
    <subfield code="y">BB</subfield>
  </datafield>
  <datafield tag="952" ind1=" " ind2=" ">
    <subfield code="0">0</subfield>
    <subfield code="1">0</subfield>
    <subfield code="2">ddc</subfield>
    <subfield code="4">0</subfield>
    <subfield code="7">0</subfield>
    <subfield code="8">&#x627;&#x644;&#x639;&#x628;&#x64A;&#x643;&#x627;&#x646;</subfield>
    <subfield code="a">MAIN</subfield>
    <subfield code="b">MAIN</subfield>
    <subfield code="c">1ST</subfield>
    <subfield code="d">2017-05-23</subfield>
    <subfield code="e">Purchase</subfield>
    <subfield code="g">158.00</subfield>
    <subfield code="h">175534</subfield>
    <subfield code="o">303.482 &#x647;&#x640; &#x627; &#x631;</subfield>
    <subfield code="p">000041886</subfield>
    <subfield code="r">2025-07-15 00:00:00</subfield>
    <subfield code="s">2025-02-22</subfield>
    <subfield code="v">198.00</subfield>
    <subfield code="y">BB</subfield>
  </datafield>
</record>
